01787nam a22003977a 4500003000500000005001700005008004100022010001000063011001000073035001000083040000900093090001000102100004000112245018800152260004000340300001100380502008200391590003700473590004100510590004100551590004100592590004200633650003600675650004900711650003400760901000700794942000900801949003600810949004100846949004800887949003600935999001700971952013300988952014001121952012801261CHAP20220329133815.0971013s1978 r 00010 d a11197 a12169 a14364 cCHAP aTesis00aNarváez López, Fernando.980249 aDeterminación de las dosis óptimas económicas de nitrógeno, fosfóro y potasio para el cultivo de la papa (Solanum tuberosum) en la región occidental del Estado de México aChapingo, Méx. :bEl autor,c1978 a100 h. aTesis (Ing. Agrónomo Especialista en Suelos) -- ENA. Departamento de Suelos aALEPHb10c20130110lUCH01h1228 aBATCH-UPDb10c20130110lUCH01h1541 aBATCH-UPDb10c20130410lUCH01h0943 aBATCH-UPDb10c20130914lUCH01h1426 aCONVERSIONb10c20130109lUCH01h130714aFertilizantes para papa.94063114aFertilizantesxAspectos económicos.94045114aPapazMéxico (Edo.).985306 aBK cFOLL bBCcTESd-148348eTS1i14364si bBCcTESd-148349eTS2fc.2i14364si bBCcTESd33724000790036eTS2fc.3i14364si bScTESBDd-26506eTS1i14364si c11197d11197 00102local4053708TESISaBCbBCcPA_TESISd2012-12-17fTESISl0oTesisp-148349r2019-12-31 00:00:00tc.2w2019-12-31yTESIS 00102local4053708TESISaBCbBCcPA_TESISd2012-12-17fTESISl0oTesisp33724000790036r2019-12-31 00:00:00tc.3w2019-12-31yTESIS 00102local4051708TESISaBCbBCcPA_TESISd2012-12-17fTESISl0oTesisp-148348r2019-12-31 00:00:00w2019-12-31yTESIS